[Event "Christmas Open"]
[Site "?"]
[Date "1974.12.21"]
[Round "2"]
[White "Hessen, P."]
[Black "Bailey, B."]
[Result "1-0"]
[WhiteElo "1972"]
[BlackElo "2046"]
[Annotator "Stockfish 13 (15s)"]
[PlyCount "97"]
[EventDate "1974.??.??"]

{C90: Closed Ruy Lopez with 7...d6: Early deviations} 1. e4 e5 2. Nf3 Nc6 3.
Bb5 a6 4. Ba4 Nf6 5. O-O b5 6. Bb3 Be7 7. Re1 d6 8. h3 Na5 9. d4 Nxb3 10. axb3
Nd7 11. Nc3 Bb7 12. d5 O-O 13. Ne2 f5 14. exf5 Rxf5 15. Ng3 Rf7 16. Ne4 h6 17.
Nh2 $146 (17. c4 b4 18. Qd3 a5 19. Be3 Qf8 20. Ng3 c6 21. Rad1 cxd5 22. cxd5
Nf6 23. Qb5 Bd8 24. Bc1 Rc7 25. Ne4 Nxe4 26. Rxe4 Ba6 27. Qa4 Qf7 28. Rg4 Bc8
29. Rg3 Bd7 30. Qa1 Kh8 31. Nh2 Rc2 {Cox,V-Osman,G Dubai 1986 1/2-1/2 (38)}) (
17. c4 $142 $5 $11) 17... Nb6 $17 18. Ng4 Nxd5 (18... Bxd5 19. Bxh6 gxh6 20.
Nxh6+ Kf8 21. Nxf7 Bxf7 22. Qf3 $17) 19. Bxh6 Qf8 (19... Nf4 20. Bxf4 Rxf4 21.
Ng3 $15) 20. Bg5 (20. c4 Nf4 21. Bxf4 Rxf4 $11) 20... Nf6 (20... Nf4 $142 $5
21. Bxe7 Qxe7 $15) 21. Nexf6+ $11 Bxf6 22. Qd2 (22. Nxf6+ $2 gxf6 23. Be3 Qg7
$19) 22... Kh7 (22... Bxg5 23. Qxg5 Rf4 24. Re3 $11) 23. b4 (23. c4 $5 $16)
23... Bxg5 $11 24. Qxg5 Rf5 25. Qh4+ Kg8 26. Re3 Kf7 (26... Qd8 $142 $5 27.
Qxd8+ Rxd8 $11) 27. Rc3 $16 Rc8 28. Raa3 (28. Re1 $142 $5 $16) 28... Qe7 29.
Qh7 Qg5 $4 (29... Rf4 $142 30. Rg3 Be4 31. Qh5+ g6 $11) 30. Rg3 $18 Rf4 {
Black prepares the advance e4} 31. Rae3 e4 (31... Re8 32. Nxe5+ Rxe5 33. Rxg5
Rxg5 34. g4 $18) 32. f3 (32. h4 $5 Qd5 33. Nh6+ Ke6 34. Rg6+ Kd7 $18) 32... Re8
(32... Rxg4 33. fxg4 Qe5 34. Rgf3+ exf3 35. Rxe5 dxe5 36. gxf3 Re8 37. Qh5+ Kf8
$18) 33. h4 Qd5 (33... Rxg4 34. hxg5 Rxg3 35. Qh5+ Kf8 36. g6 $18) 34. Nh6+ Ke6
35. Rg6+ (35. Rxg7 $142 Qd2 36. Qg6+ Kd5 37. Qg5+ (37. Qxe8 $6 Qxe3+ 38. Kf1
Qd2 $11) 37... Kc6 38. Qxf4 $18) 35... Kd7 36. Rxg7+ Kc8 (36... Kc6 37. Rf7
Rxf7 38. Qxf7 Rh8 $18) 37. Rxc7+ Kb8 38. Ng4 (38. Nf5 $142 Rxf5 39. fxe4 Qd4
40. Rxb7+ Ka8 41. Qxf5 Qxe3+ 42. Kh2 Rh8 $18) 38... Ref8 (38... Bc8 39. Ra7 Bb7
40. Rxb7+ Qxb7 $18) 39. fxe4 Qd1+ 40. Kh2 Bc8 (40... Ba8 41. Nf6 $1 R4xf6 42.
Ra7 $18) 41. Ra7 R4f7 (41... R8f7 42. Rxf7 Qxg4 $18) 42. Rxf7 Rxf7 43. Qxf7
Qxg4 44. Qf6 Kb7 45. Rc3 Bd7 46. Rd3 Qxe4 47. Rxd6 Bf5 48. Rb6+ Kc7 (48... Ka7
49. Rxa6+ Kb7 50. Qb6+ Kc8 51. Qc5+ Kd8 52. Qf8+ Kc7 53. Ra7+ Qb7 54. Rxb7+
Kxb7 55. Qxf5 Ka6 56. h5 Kb7 57. h6 Ka6 58. Qc5 Kb7 59. h7 Ka6 60. h8=Q Kb7 61.
Qhc8#) 49. Qd6+ (49. Qd6+ Kc8 50. Rb8#) 1-0

[Event "Christmas Open"]
[Site "?"]
[Date "1974.12.21"]
[Round "3"]
[White "Holmquist, G."]
[Black "Bailey, B."]
[Result "1-0"]
[WhiteElo "2102"]
[BlackElo "2046"]
[Annotator "Stockfish 13 (15s)"]
[PlyCount "77"]
[EventDate "1974.??.??"]

{C77: Ruy Lopez: 3...a6 4 Ba4 Nf6, unusual lines} 1. e4 e5 2. Nf3 Nc6 3. Bb5 a6
4. Ba4 Nf6 5. Bxc6 dxc6 6. d3 Bd6 7. Nbd2 O-O 8. Nc4 Qe7 (8... Re8 9. Bg5 (9.
O-O Bg4 10. Ne3 Bh5 11. Nf5 Qd7 12. Ng3 Bg6 13. Nh4 Qg4 14. Nhf5 Qxd1 15. Rxd1
Nh5 16. Nxh5 Bxh5 17. f3 Rad8 18. Be3 f6 19. c3 Bf7 20. b3 Rd7 21. Rd2 Red8 22.
Rad1 c5 23. Kf2 Be6 {Laake,J (1974)-Svensson,H Hockenheim 2005 1/2-1/2 (43)})
9... b5 10. Ne3 Qe7 11. O-O h6 12. Bh4 Qe6 13. Nf5 Nh7 14. Bg3 Qf6 15. Nxd6 {
1/2-1/2 (15) Velimirovic,D (2520)-Popovic,P (2560) Vrsac 1987}) 9. Bg5 $146 (9.
O-O b5 10. Ne3 h6 11. b3 Nh5 12. Bb2 Nf4 13. a4 f5 14. axb5 fxe4 15. dxe4 cxb5
16. Nd5 Qe6 17. Nxf4 Rxf4 18. Qd5 Qxd5 19. exd5 Bb7 20. Rfd1 Raf8 21. Bc1 R4f5
22. Be3 e4 23. Ne1 Rxd5 {Vasicek,M (2130)-Meszaros,L Czechia 1995 1/2-1/2 (47)}
) 9... b5 10. Ne3 h6 11. Bh4 Bc5 12. O-O g5 13. Bg3 Bxe3 14. fxe3 Ng4 $4 (14...
Nh5 $142 $14) 15. Qe2 $18 f5 16. exf5 Rxf5 (16... e4 17. Nd2 Nf6 18. a4 $18)
17. e4 Rf4 18. Bxf4 (18. Qd2 $142 Bd7 19. a4 b4 $18) 18... exf4 19. Qd2 (19. h3
$5 Ne3 20. Rf2 Kg7 $18) 19... Ne3 20. Rfe1 (20. Rf2 Bg4 21. h3 Bxf3 22. Rxf3
$18 (22. gxf3 $6 c5 $16)) 20... g4 $4 (20... Bg4 $142 $16) 21. Nd4 $18 Qg5 (
21... Qg7 22. Ne2 Nxg2 23. Kxg2 f3+ 24. Kh1 fxe2 25. Rxe2 $18) 22. g3 c5 (22...
Qf6 23. gxf4 Qxd4 24. Rxe3 Qxb2 25. Rf1 $18) 23. gxf4 Qxf4 24. Qxe3 (24. Nb3
$142 c4 25. dxc4 bxc4 26. Rxe3 Qd6 27. Qxd6 cxd6 $18) 24... Qxe3+ 25. Rxe3 cxd4
26. Re2 Be6 (26... Kg7 27. Rf2 $18) 27. Rf2 Rf8 (27... Kg7 28. a4 b4 29. Kg2
$18) 28. Rxf8+ Kxf8 29. Kg2 a5 30. Kg3 Ke7 (30... Bc8 31. Rc1 $18) 31. Kh4 c5 (
31... g3 32. Kxg3 Kd6 33. Kf4 $18) 32. Kh5 c4 33. Kxh6 cxd3 (33... Bd7 34. Kg5
$18) 34. cxd3 b4 35. b3 Kf6 (35... Bd7 36. Kg5 $18) 36. Rf1+ Ke5 37. Kg5 a4 38.
Rf5+ $1 Kd6 (38... Bxf5 39. exf5 {Passed pawn}) 39. Rf6 1-0

[Event "Boeing Swiss"]
[Site "?"]
[Date "1975.01.28"]
[Round "1"]
[White "Bailey, B."]
[Black "Furlong, P."]
[Result "1-0"]
[WhiteElo "2016"]
[BlackElo "100"]
[Annotator "Stockfish 13 (15s)"]
[PlyCount "47"]
[EventDate "1975.??.??"]

{B98: Sicilian Najdorf: 6 Bg5 e6 7 f4 Be7, sidelines} 1. e4 c5 2. Nf3 d6 3. d4
cxd4 4. Nxd4 Nf6 5. Nc3 a6 6. Bg5 e6 7. f4 Be7 8. Bc4 Nc6 (8... h6 9. Bxf6 Bxf6
10. f5 Qb6 11. Nxe6 Bxc3+ 12. bxc3 Qe3+ 13. Be2 Bxe6 14. fxe6 Qxc3+ 15. Kf2
Qc5+ 16. Ke1 Qc3+ 17. Kf2 Qc5+ 18. Ke1 O-O 19. exf7+ Rxf7 20. Qd3 Nc6 21. Rd1
Ne5 22. Qd4 Qxc2 23. Rf1 {Uzman,C-Smejkal,J (2545) Lugano 1968 0-1 (41)}) 9.
Nf3 $146 (9. Qd3 O-O 10. Bb3 Qc7 11. Rd1 h6 12. Bh4 Na5 13. O-O Nxb3 14. Nxb3
b5 15. Rf3 Bb7 16. Bxf6 Bxf6 17. Qxd6 Qxd6 18. Rxd6 Bxc3 19. Rxc3 Bxe4 20. Nc5
Bd5 21. Rxa6 Rxa6 22. Nxa6 Ra8 23. Nb4 Bb7 {
Wenger,C-Siebarth,R Ueberlingen 2000 1-0 (75)}) (9. Qd2 Nxd4 10. Qxd4 b5 11.
Bb3 Bb7 12. O-O-O Qc7 13. Rhe1 Rd8 14. a3 O-O 15. Qe3 Rc8 16. h3 Rfd8 17. g4 d5
18. e5 Ne8 19. Bxe7 Qxe7 20. Rd4 Rc5 21. f5 Rdc8 22. Rf1 a5 23. g5 a4 {
Alho,S-Granath,S Tampere 1994 0-1 (64)}) (9. Nxc6 $142 $5 bxc6 10. Qf3 $14)
9... Qb6 $15 10. Bb3 Bd7 $4 (10... Qe3+ $142 11. Qe2 Qxe2+ 12. Kxe2 h6 $15) 11.
Qd2 $16 Na5 (11... h6 $5 12. Bh4 Na5 $16) 12. e5 Ng8 $2 (12... Nxb3 $142 13.
axb3 dxe5 14. fxe5 Nd5 15. Nxd5 exd5 16. Bxe7 Kxe7 $18) 13. Bxe7 $18 Kxe7 (
13... Nxe7 14. exd6 Nf5 15. O-O-O $18) 14. f5 (14. O-O-O $142 d5 15. f5 Nxb3+
16. axb3 $18) 14... Nxb3 15. axb3 (15. cxb3 dxe5 16. O-O-O Nf6 17. Nxe5 Rhd8
$11) 15... h6 (15... dxe5 16. Nxe5 Nf6 17. Nxd7 Nxd7 $18) 16. O-O-O d5 17. Qxd5
$3 Qe3+ (17... exd5 18. Nxd5+ Kd8 (18... Ke8 19. Nxb6 {Combination}) (18... Kf8
19. Nxb6 {Combination}) 19. Nxb6 {Combination}) 18. Qd2 (18. Rd2 $142 exd5 19.
Nxd5+ Kf8 20. Nxe3 Bc6 $18) 18... Qxd2+ 19. Rxd2 (19. Nxd2 $6 h5 20. Nde4 Nh6
21. f6+ gxf6 22. exf6+ Ke8 23. Nd6+ Kd8 24. Nxb7+ Kc7 $18) (19. Kxd2 $6 h5 20.
Kc1 Nh6 21. f6+ gxf6 22. exf6+ Ke8 $18) 19... exf5 (19... Bc6 20. Nd4 exf5 21.
Nxf5+ Kf8 $18) 20. Nd5+ Kf8 21. Nb6 Rd8 22. Nxd7+ Ke8 (22... Ke7 23. Rhd1 h5
24. Rd6 $18) 23. Rhd1 Ne7 24. Nf6+ $1 (24. Nf6+ gxf6 25. Rxd8#) 1-0

[Event "Boeing Swiss"]
[Site "?"]
[Date "1975.02.19"]
[Round "2"]
[White "Duleba, G."]
[Black "Bailey, B."]
[Result "0-1"]
[WhiteElo "1624"]
[BlackElo "1987"]
[Annotator "Stockfish 13 (15s)"]
[PlyCount "36"]
[EventDate "1975.??.??"]

{D35: Queen's Gambit Declined: Exchange Variation} 1. d4 Nf6 2. c4 e6 3. Nc3 d5
4. cxd5 exd5 5. Bg5 c6 6. e3 Nbd7 7. Bd3 Qa5 8. Qc2 Bb4 9. Nge2 O-O 10. O-O Bd6
(10... Ne4 11. Bxe4 dxe4 12. Nxe4 Re8 13. Bf4 Nf8 14. Nd6 Bxd6 15. Bxd6 b6 16.
Bxf8 Rxf8 17. Ng3 Ba6 18. Rfc1 Rac8 19. Nf5 Kh8 20. Qe4 Qb4 21. Qe7 Qxb2 22.
Qg5 Rg8 23. Ne7 Bc4 24. Nxc8 Rxc8 25. Qe7 {
Bogdanovich,G (2425)-Wagner Michel,A (2180) Ticino 1993 1-0}) 11. f3 (11. Rac1
a6 12. Bh4 Qc7 13. Bg3 Bxg3 14. Nxg3 Re8 15. Rce1 Nf8 16. f3 Bd7 17. e4 dxe4
18. fxe4 Be6 19. e5 Nd5 20. Qf2 Rad8 21. Bb1 Ne7 22. Nce4 Bc4 23. Nd6 Rxd6 24.
exd6 Qxd6 25. Qf4 Qb4 {Molale,O (2181)-Molla,M Abuja 2003 1-0 (37)}) 11... Re8
12. e4 $4 $146 (12. Rae1 h6 13. Bxf6 Nxf6 14. e4 dxe4 15. Nxe4 Be7 16. Nf4 Bd7
17. Qb3 b5 18. Ng6 Be6 19. Nxe7+ Rxe7 20. Nxf6+ gxf6 21. Qc2 Rd8 22. Qxc6 Bd7
23. Qc1 Rxe1 24. Rxe1 Be6 25. Rd1 Kg7 26. Qf4 Qxa2 {
Cernea,M (2030)-Fiodorova,N Eforie Nord 1999 1/2-1/2}) (12. Qd2 $142 $16) 12...
dxe4 $19 13. fxe4 (13. Nxe4 Nxe4 14. fxe4 Qxg5 15. Rae1 $19) 13... Bxh2+ (13...
Qxg5 $142 14. Qc1 Qh4 $19) 14. Kxh2 $17 Qxg5 15. Kg1 $4 (15. Qc1 Qxc1 16. Raxc1
Rd8 $19) 15... Ng4 (15... Qe3+ $142 16. Rf2 Ng4 17. Raf1 $19) 16. Rf3 $4 (16.
Qc1 $142 Qxc1 17. Raxc1 $17) 16... Ne3 $19 17. Rxe3 Qxe3+ 18. Kf1 Re6 (18...
Re6 19. Nd1 Rf6+ 20. Ke1 Qg5 $19) 0-1

[Event "Boeing Swiss"]
[Site "?"]
[Date "1975.03.04"]
[Round "3"]
[White "Bailey, B."]
[Black "Tanguinod, R."]
[Result "1-0"]
[WhiteElo "1987"]
[BlackElo "100"]
[Annotator "Stockfish 13 (15s)"]
[PlyCount "79"]
[EventDate "1975.??.??"]

{A31: Symmetrical English: 2 Nf3 Nf6 3 d4} 1. e4 c5 2. Nf3 d6 3. d4 cxd4 4.
Nxd4 Nc6 5. c4 e5 6. Nxc6 (6. Nc2 Be7 7. Nc3 Be6 8. Be2 Bg5 9. Nb5 Be7 10. f4
a6 11. Nc3 exf4 12. Bxf4 Nf6 13. O-O O-O 14. Kh1 Rc8 15. Qe1 Ne5 16. b3 b5 17.
cxb5 Qc7 18. Bd2 Nxe4 19. Nxe4 Qxc2 20. Bd1 Qd3 {
Casillas Pellat,J (2175)-Calderin,R (2445) Mexico 1995 0-1 (39)}) 6... bxc6 7.
Nc3 Nf6 $146 (7... h6 8. Be3 Nf6 9. Be2 Be7 10. Qd2 Ng4 11. Bxg4 Bxg4 12. f3
Be6 13. b3 Bh4+ 14. g3 Be7 15. O-O g5 16. Rfd1 Qc7 17. Qf2 Qa5 18. Rac1 O-O 19.
h4 f5 20. hxg5 hxg5 21. Kg2 Kg7 22. Rh1 {
Kemper,M (2100)-Gelashvili,V Lippstadt 1999 1-0 (67)}) 8. Be2 Be7 9. O-O O-O
10. b3 Bb7 11. Bf3 Nd7 12. Ba3 (12. Be3 Bc8 $16) 12... Nf6 (12... Nc5 13. Bxc5
dxc5 14. Bg4 $11) 13. Qc2 (13. Qd2 $16) 13... Rb8 (13... Qa5 $142 $5 14. Bb2
Rad8 $14) 14. Rfd1 $16 Qc7 15. Rd2 (15. c5 $5 dxc5 16. Na4 $16) 15... Rfd8 $14
16. Rad1 Bc8 (16... h6 17. Rd3 $14) 17. Rd3 (17. c5 $5 dxc5 18. Rxd8+ Bxd8 19.
Bxc5 $16) 17... Be6 $16 18. Qd2 Ne8 19. Ne2 f5 (19... h6 $142 $5 $14) 20. Ng3
$18 f4 21. Nf5 Bxf5 22. exf5 c5 (22... a5 23. Bb2 $18) 23. Bd5+ (23. Qe2 Kh8
24. g3 fxg3 25. hxg3 h6 $18) 23... Kh8 24. g3 (24. Qe2 a5 $18) 24... fxg3 25.
hxg3 Nf6 26. Bb2 Rf8 (26... Nxd5 27. Rxd5 (27. cxd5 $6 Bf6 $11) 27... Kg8 28.
g4 $18) 27. Be6 Qc6 (27... Rbe8 28. Qg5 $18) 28. Qe2 (28. f3 h6 29. f4 Qe8 30.
fxe5 dxe5 31. Bxe5 Rd8 32. Rxd8 Bxd8 $18) 28... Qe4 (28... h6 29. Bc3 $18) 29.
Re3 Qg4 30. Qxg4 (30. Kg2 $5 Qxe2 31. Rxe2 a5 $18) 30... Nxg4 31. Re4 Nf6 32.
Rh4 h6 33. Bc1 Kh7 (33... Nh7 34. Re4 $18) 34. Kg2 Ne8 35. Rh5 Nc7 36. Bd7 Rbd8
37. Bc6 Na6 $4 (37... Kg8 $18) 38. g4 Nb4 (38... d5 39. Bxd5 Nb4 $18) 39. Be4
g5 (39... Kg8 40. a3 d5 41. cxd5 Na6 $18) 40. fxg6+ (40. fxg6+ Kg8 41. Bxh6 $18
) 1-0

[Event "Boeing Swiss"]
[Site "?"]
[Date "1975.03.11"]
[Round "4"]
[White "Lassen, M."]
[Black "Bailey, B."]
[Result "0-1"]
[WhiteElo "1907"]
[BlackElo "1987"]
[Annotator "Stockfish 13 (15s)"]
[PlyCount "80"]
[EventDate "1975.??.??"]

{D02: 1 d4 d5 2 Nf3 sidelines, including 2...Nf6 3 g3 and 2...Nf6 3 Bf4} 1. d4
d5 2. Nf3 Nf6 3. g3 e6 4. Bg2 c5 5. c4 cxd4 6. cxd5 Qxd5 (6... Qa5+ 7. Nbd2
Qxd5 8. O-O e5 9. Nb3 Qd6 10. e3 dxe3 11. Bxe3 Nc6 12. Qe2 Qc7 13. Rac1 Be7 14.
Bd2 O-O 15. Bc3 e4 16. Ng5 Bg4 17. Qe1 Rfe8 18. Nxe4 Nd5 19. Qd2 Rad8 20. Qc2
Qb6 21. a3 {Ushenina,A (2297)-Vasilevich,T (2421) Minsk 2001 1-0 (35)}) (6...
Nxd5 7. O-O Nb6 8. Nxd4 Be7 9. Nc3 O-O 10. Be3 Nc4 11. Bc1 Bf6 12. e3 Na6 13.
Qe2 Nb6 14. Rd1 Qe7 15. Ne4 Bxd4 16. Rxd4 Nc5 17. Nc3 e5 18. Rd1 Be6 19. b3 a6
20. Ba3 Qc7 21. Rac1 {Stromp,J (2056)-Durst,P (1894) Slovakia 2006 1-0 (34)})
7. Qxd4 Nc6 8. Qxd5 Nxd5 9. a3 $146 (9. O-O g6 10. Bd2 Bg7 11. Nc3 Nxc3 12.
Bxc3 Bxc3 13. bxc3 Ke7 14. Rab1 Rd8 15. Rb2 Rd7 16. Nd4 Nxd4 17. cxd4 Rxd4 18.
Bxb7 Bxb7 19. Rxb7+ Rd7 20. Rfb1 Rc8 21. Kg2 Rc2 22. Rxd7+ Kxd7 23. Rb7+ Rc7 {
Lindenmair,A (2130)-Maeckelbergh,A (1800) Istanbul 2002 1/2-1/2 (43)}) 9... Be7
10. O-O O-O 11. Nbd2 b6 12. Nc4 (12. e4 $5 Nf6 13. b4 $11) 12... Ba6 $15 13. b3
(13. Nce5 Nxe5 14. Nxe5 Bxe2 15. Bxd5 exd5 $17) 13... Rac8 (13... Nc3 $5 14.
Re1 Rac8 $17) 14. Bb2 $15 Bxc4 15. bxc4 Nf6 16. Rac1 Na5 (16... Ne4 17. Rfd1
$17) 17. Ne5 Rfd8 (17... Rc7 18. a4 $15) 18. Rc2 (18. Rfd1 Rxd1+ 19. Rxd1 Kf8
$15) 18... Ne8 (18... Nd7 19. Nxd7 Rxd7 $17) 19. e3 $2 (19. Bc3 Bf6 20. Bxa5
Bxe5 $11) 19... Bc5 (19... f6 $142 20. Nf3 Rxc4 $17) 20. Bc3 $11 Bxa3 21. Bxa5
bxa5 22. Nc6 Rd7 23. Nxa5 Rdc7 24. Ra1 Bc5 25. Nc6 $4 (25. Nb3 $142 $11) 25...
Rxc6 $19 26. Bxc6 Rxc6 27. Rb1 Kf8 28. Rb7 (28. Rb8 Ke7 $19) 28... Nd6 29. Rb8+
Ke7 30. h4 (30. Rh8 h6 $19) 30... h5 31. Kg2 Bb6 32. Kf3 (32. Kh3 g6 $19) 32...
Rxc4 33. Rxc4 Nxc4 34. g4 (34. Rb7+ Kd6 35. Ke2 Ne5 $19) 34... Ne5+ 35. Kf4
Nxg4 36. Kg5 (36. Rb7+ Kf6 37. Kg3 g6 $19) 36... g6 37. Rb7+ Kf8 38. Kf4 Nxf2
39. Rb8+ Kg7 40. e4 (40. Rc8 $19) 40... Bc7+ (40... Bc7+ 41. Kf3 Bxb8 42. Ke2
g5 43. hxg5 Nxe4 44. Kf3 Nxg5+ 45. Ke2 h4 46. Kf1 h3 47. Kg1 Ne4 48. Kf1 Bg3
49. Ke2 h2 50. Kd1 h1=Q+ 51. Kc2 Qf3 52. Kb2 Qc3+ 53. Kb1 Qb3+ 54. Ka1 Be5#)
0-1

[Event "Boeing Swiss"]
[Site "?"]
[Date "1975.03.25"]
[Round "5"]
[White "Bailey, B."]
[Black "Murray, M."]
[Result "1/2-1/2"]
[WhiteElo "1980"]
[BlackElo "2098"]
[Annotator "Stockfish 13 (15s)"]
[PlyCount "109"]
[EventDate "1975.??.??"]

{B28: Sicilian: 2 Nf3 a6 (O'Kelly Variation)} 1. e4 c5 2. Nf3 a6 3. d4 cxd4 4.
Nxd4 Nf6 5. Nc3 e5 6. Nf3 Bb4 7. Qd3 d6 (7... Qc7 8. Bd2 d6 9. Be2 Nbd7 10. Nd5
Nxd5 11. Qxd5 Bxd2+ 12. Qxd2 Nf6 13. Bd3 Bg4 14. Qe3 Bxf3 15. Qxf3 Qa5+ 16. c3
O-O 17. O-O b5 18. Rfd1 Qb6 19. Bc2 Rac8 20. Qe2 h6 21. Rd2 Rfd8 22. Rad1 {
Sebastian Lorente,M (2085)-Granados Gomez,M (2355) Zaragoza 1997 1/2-1/2 (62)})
8. Bd2 Nbd7 (8... Nc6 9. a3 Bc5 10. Bg5 Be6 11. Nd5 Bxd5 12. exd5 Ne7 13. Bxf6
gxf6 14. b4 Bb6 15. Be2 f5 16. Qb3 Rg8 17. g3 e4 18. Nh4 Rc8 19. c4 Ng6 20. Ng2
Ne5 21. Rc1 Qg5 22. Nf4 Ng6 23. c5 {Simon,A-Bakos,B Fuzesabony 2001 0-1 (32)})
9. Nd5 Nc5 $146 (9... Nxd5 10. Qxd5 Bxd2+ 11. Qxd2 Nf6 12. Qd3 Qb6 13. O-O-O
Be6 14. Qxd6 Qxd6 15. Rxd6 Nxe4 16. Rb6 Nxf2 17. Rg1 O-O-O 18. Be2 Kc7 19. Rb4
f6 20. Nd2 Rd4 21. Rxd4 exd4 22. Rf1 Ng4 23. Rf4 Ne5 24. Rxd4 {
Hajdu,G-Botragyi,T Debrecen 1992 1/2-1/2}) (9... Nxd5 10. Qxd5 Nf6 11. Qd3 $17)
10. Nxf6+ $11 Qxf6 (10... gxf6 $143 11. Qe3 Bxd2+ 12. Nxd2 $14) 11. Qe3 Bxd2+
12. Nxd2 O-O 13. Be2 Bd7 (13... b5 14. Nb3 $11) 14. Nc4 Bc6 15. Rd1 {
Attacks the backward pawn on d6} (15. O-O-O $142 Nxe4 16. f3 $11) 15... Nxe4
$17 16. Nb6 (16. O-O d5 17. Bd3 Rad8 $17) 16... Rad8 (16... Rae8 $5 17. O-O $17
) 17. Nd5 $17 Bxd5 18. Rxd5 Nc5 19. O-O Ne6 20. Bf3 Nd4 (20... Nc7 21. Rd2 d5
22. Rfd1 $17) 21. Be4 Qf4 (21... Qe6 $142 $5 22. Rd1 f5 $17) 22. c3 $11 Ne6 23.
Rfd1 f5 24. Bc2 Qxe3 25. fxe3 f4 (25... Kf7 26. Rxd6 Ke7 27. Rxd8 Nxd8 28. Rd5
$11) 26. Rxd6 (26. Kf2 $5 fxe3+ 27. Kxe3 $11) 26... Rxd6 $11 (26... fxe3 $4 27.
Rxe6 Rxd1+ 28. Bxd1 $18) 27. Rxd6 fxe3 28. Rd1 (28. Rxe6 e2 29. h4 Rf1+ 30. Kh2
e1=Q 31. Re8+ Kf7 32. Bb3+ Kxe8 33. Ba4+ Ke7 34. Kh3 Rh1+ 35. Kg4 Qe4+ 36. Kh5
Qxh4#) 28... Nc5 29. Rf1 $4 (29. b4 $142 Rf2 30. Rc1 $11) 29... Rd8 $17 30. b4
$2 (30. Rd1 $142 Rxd1+ 31. Bxd1 $17) 30... Rd2 $4 (30... Nd3 $142 31. Rb1 Nf4
32. Bb3+ Kf8 $19) 31. Bf5 $4 (31. Bd1 $142 e2 32. Bxe2 Rxe2 33. bxc5 $11) 31...
g6 $19 32. Bxg6 hxg6 (32... Na4 $142 33. Be4 e2 $19) 33. bxc5 $17 Rxa2 34. Re1
e2 35. Kf2 Rc2 (35... Rd2 $5 36. Ke3 Rb2 $11) 36. Rb1 $11 Rxc3 37. Rxb7 Rxc5
38. Kxe2 Rc2+ 39. Kf3 e4+ 40. Kxe4 Rxg2 41. Rb6 Kg7 42. Rxa6 Rxh2 43. Kf3 Kh6
44. Kg3 Rb2 45. Rc6 Kh5 46. Rc5+ g5 47. Ra5 Rb3+ 48. Kg2 Kh4 49. Ra2 Rg3+ 50.
Kh2 Re3 51. Kg2 g4 52. Rb2 Rg3+ 53. Kh2 Rf3 54. Kg2 Rf4 55. Rb8 1/2-1/2

[Event "Boeing Swiss"]
[Site "?"]
[Date "1975.04.08"]
[Round "6"]
[White "Erwin, D."]
[Black "Bailey, B."]
[Result "0-1"]
[WhiteElo "1608"]
[BlackElo "1980"]
[Annotator "Stockfish 13 (15s)"]
[PlyCount "42"]
[EventDate "1975.??.??"]

{C18: French: 3 Nc3 Bb4: Main line: 7 h4 and 7 Qg4} 1. e4 e6 2. d4 d5 3. Nc3
Bb4 4. e5 Ne7 5. Bd3 c5 6. a3 Bxc3+ 7. bxc3 Nbc6 8. Qg4 Ng6 (8... c4 9. Be2 Nf5
10. Nf3 Qa5 11. Bd2 Bd7 12. Ng5 h6 13. Qh5 Rf8 14. Nh3 O-O-O 15. Rd1 Qa4 16.
Rc1 Qxa3 17. O-O Qe7 18. Ra1 Qh4 19. Nf4 Qxh5 20. Nxh5 Rg8 21. g4 Nfe7 22. Bc1
b6 23. f4 {Borocz,I (2420)-Izsak,G (2400) Pecs 1997 1/2-1/2 (48)}) 9. Nh3 $4
$146 (9. h4 Qa5 10. Bd2 Nce7 11. h5 Nf8 12. c4 Qa4 13. Ne2 Qc6 14. dxc5 dxc4
15. Be4 Qxc5 16. Bb4 Qxe5 17. Bc3 Qc7 18. Qxg7 Rg8 19. Qh6 e5 20. Bxh7 Rh8 21.
Qe3 Rxh7 22. Bxe5 Qb6 23. Bd4 Qe6 {
Shcherbenko,A (2036)-Vorobiov,I Kiev 2005 0-1 (42)}) (9. Nf3 c4 10. Be2 a6 11.
h4 h5 12. Qh3 Qa5 13. Bd2 Na7 14. g4 Nf4 15. Qg3 Nxe2 16. Kxe2 g6 17. Ng5 hxg4
18. Qxg4 Rf8 19. h5 gxh5 20. Rxh5 f5 21. Qh4 Bd7 22. Nh7 Rf7 23. Nf6+ Kd8 {
Jamroz,G-Dziubinski,P Zamosc 1999 1-0}) (9. Ne2 Qa5 10. Bd2 Qa4 11. h4 Ncxe5
12. Qg3 Nxd3+ 13. cxd3 h5 14. dxc5 Qg4 15. Qxg4 hxg4 16. g3 Ne5 17. d4 Nd3+ 18.
Kf1 Bd7 19. Rb1 Bc6 20. Be3 e5 21. Nc1 Nxc1 22. Bxc1 f6 23. Kg2 Kd7 {
Lam,S (2032)-Brunstein,S (2180) Chaumont 2004 1/2-1/2 (54)}) (9. h4 $142 Qa5
10. Bd2 cxd4 11. cxd4 $16) 9... Qa5 $15 10. Bd2 Qa4 (10... cxd4 11. cxd4 Qa4
12. c4 $17) 11. Nf4 (11. f4 $5 cxd4 12. O-O $11) 11... cxd4 $17 12. Nxg6 hxg6
13. Qe2 (13. cxd4 Nxe5 $1 14. Qf4 Nc4 $17) 13... dxc3 14. Bxc3 Qf4 (14... Bd7
15. O-O $17) 15. g3 $15 Qg5 16. h4 Qe7 17. Bb5 (17. O-O b6 18. a4 Bb7 $11)
17... Bd7 18. Bxc6 bxc6 19. Bb4 $2 (19. Ba5 $142 Rc8 20. Rb1 $15) 19... c5 $19
20. Ba5 $2 (20. Bd2 Bc6 21. f3 d4 $19) 20... Bc6 21. Bc7 (21. f3 $19) 21...
Qxc7 0-1

[Event "King County Tornado"]
[Site "?"]
[Date "1975.02.15"]
[Round "1"]
[White "Bailey, B."]
[Black "Duncan, S."]
[Result "1-0"]
[WhiteElo "2016"]
[BlackElo "1532"]
[Annotator "Stockfish 13 (15s)"]
[PlyCount "33"]
[EventDate "1975.??.??"]

{C25: Vienna Game: Alternatives to 2...Nf6} 1. e4 e5 2. Nc3 d6 3. Bc4 Be7 (3...
Be6 4. d3 Nf6 5. Bxe6 fxe6 6. f4 exf4 7. Bxf4 e5 8. Bg5 Be7 9. Nf3 c6 10. Qe2 {
1/2-1/2 (10) Mitkov,N (2475)-Matamoros Franco,C (2430) Orense 1995}) 4. Nge2 (
4. f4 exf4 5. Nf3 Bh4+ 6. Kf1 Bg4 7. d4 Nc6 8. Bxf4 Nge7 9. Qd3 Bxf3 10. gxf3
Qd7 11. Bg3 Qh3+ 12. Kf2 O-O-O 13. Ne2 g5 14. Bxf7 h5 15. d5 Ne5 16. Be6+ Qxe6
17. dxe6 Nxd3+ 18. cxd3 Ng6 {
Roa Alonso,S (2418)-Ramos Fernandez,P (2132) Collado Villalba 2006 1-0 (40)})
4... Nf6 5. d3 $146 (5. d4 Nc6 (5... c6 6. O-O b5 7. Bd3 O-O 8. a3 Nbd7 9. Kh1
a6 10. f4 Re8 11. dxe5 dxe5 12. Ng3 Nc5 13. fxe5 Ng4 14. Bf4 Bg5 15. Nf5 Bxf5
16. exf5 Nxe5 17. Be4 Bxf4 18. Rxf4 Qg5 19. Qf1 Rad8 20. b4 {
Wendker,C (2022)-Hater,W (2114) Germany 2005 0-1 (58)}) 6. O-O O-O 7. f4 a6 8.
a4 Bg4 9. Qd3 Nb4 10. Qd2 exd4 11. Nxd4 d5 12. exd5 Bc5 13. Bb3 c6 14. Kh1
Nbxd5 15. Nxd5 cxd5 16. c3 Ne4 17. Qd3 Re8 18. Be3 Qh4 19. Rfe1 Rad8 {
Jablonski,N (2059)-Valentin,R (2149) Paris 1999 0-1}) 5... O-O 6. O-O Bd7 (6...
c6 7. f4 $11) 7. f4 $14 Nc6 8. a3 exf4 9. Nxf4 Qc8 $2 (9... Ne5 10. Bb3 $14)
10. Ncd5 (10. d4 $142 $18) 10... Nxd5 $14 11. Nxd5 (11. exd5 $143 Ne5 $15)
11... Bh4 $4 (11... Bg4 $142 12. Qd2 Qd7 $14) 12. Qh5 $18 Bd8 13. Rxf7 $3 Be6 (
13... Rxf7 14. Nb6 {Combination}) (13... -- $140 14. Ne7+ {Mate threat}) 14.
Rxg7+ (14. Rxf8+ $142 Kxf8 15. Qxh7 Qd7 16. Qh8+ Kf7 $18) 14... Kxg7 15. Bh6+
Kg8 (15... Kh8 16. Bxf8 Bxd5 17. Qxd5 Qg4 $18) 16. Bxf8 Bg4 17. Qh6 (17. Qh6
Kf7 18. Nxc7+ Qe6 19. Qg7#) (17. Nf6+ Kh8 18. Qxh7#) 1-0